|
|
|
|
| LEADER |
01077nam a2200229 a 4500 |
| 001 |
1677347 |
| 008 |
100105r1975 bg a b 00 0aeng d |
| 999 |
|
|
|c 6707
|d 6707
|
| 040 |
|
|
|a WU
|c WU
|d BD-DhAAL
|
| 082 |
0 |
0 |
|a 320.95492
|2 19
|
| 100 |
1 |
|
|a Maniruzzaman, Talukder,
|d 1938-
|9 26371
|
| 245 |
1 |
0 |
|a Radical politics and the emergence of Bangladesh /
|c by Talukder Maniruzzaman.
|
| 260 |
|
|
|a Dhaka :
|b Bangladesh Books International,
|c 1975 [reprinted].
|
| 300 |
|
|
|a 55 pages :
|b illustrations ;
|c 22 cm.
|
| 500 |
|
|
|a First published by MIT Press in 1973 as an article in Radical politics in South Asia.
|
| 504 |
|
|
|a Includes bibliographical references.
|
| 541 |
1 |
|
|e 00004456
|
| 650 |
|
0 |
|a Bangladesh
|x History
|x Autonomy and independence movements.
|9 26372
|
| 650 |
|
0 |
|a Bangladesh
|x Politics and government
|9 26373
|
| 852 |
4 |
|
|a Ayesha Abed Library
|j General shelf
|
| 942 |
|
|
|2 ddc
|c BK
|
| 952 |
|
|
|0 0
|1 0
|2 ddc
|4 0
|6 320_954920000000000_MAN_1975
|7 0
|9 6883
|a BRACUL
|b BRACUL
|c GEN
|d 2010-01-06
|g 12.00
|l 0
|o 320.95492 MAN
|p 3010004456
|r 2010-01-06
|t 1
|w 2010-01-06
|y BK
|